| 000 | 00569nam a22001817a 4500 | ||
|---|---|---|---|
| 005 | 20251204165237.0 | ||
| 008 | 250909b |||||||| |||| 00| 0 eng d | ||
| 020 | _a978-93-85891-82-3 | ||
| 041 | _aeng | ||
| 082 | _a651.5 MOG-M | ||
| 100 |
_aMOGLI, G.D. _98678 |
||
| 245 | _aMEDICAL RECOEDS ORGANIZATION AND MANGEMENT : GUIDE TO HEALTH RECORDS , SOFTWARE INSURENCE AND LEGAL MANAGEMENT [ 2ND ED. ] | ||
| 250 | _a2ND ED. 2016 | ||
| 260 |
_aNEW DELHI _bJAYPEE BROTHERS M. P. LTD _c2016 |
||
| 300 | _a607;P | ||
| 650 |
_aPARAMEDICAL _xBMLT/BMIRT _98847 |
||
| 942 | _cBK | ||
| 999 |
_c8808 _d8806 |
||